| 000 | 00459nam a22001817a 4500 | ||
|---|---|---|---|
| 005 | 20230111105147.0 | ||
| 008 | 221219b |||||||| |||| 00| 0 eng d | ||
| 020 | _a978-935270-547-4 | ||
| 041 | _aeng | ||
| 082 | _a612 MOH-P | ||
| 100 |
_aMOHAN , HARSH _96459 |
||
| 245 | _aPATHOLOGY : QUICK REVIEW | ||
| 250 | _a8th ed. | ||
| 260 |
_aNEW DELHI _bJAYPEE BROTHERS MEDICAL PUBLICATIONS _c2019 |
||
| 300 | _a598;P. | ||
| 650 |
_aBPT _96963 |
||
| 942 | _cBK | ||
| 999 |
_c8107 _d8105 |
||